[Event "Pan American-ch U10"]
[Site "San Jose"]
[Date "2017.07.03"]
[Round "4"]
[White "Segura Cordero, Ariel"]
[Black "Caceres Sandoval, Eduardo"]
[Result "1/2-1/2"]
[WhiteElo "1217"]
[BlackElo "1436"]
[PlyCount "120"]
[EventDate "2017.07.01"]
[EventType "swiss"]
[EventRounds "9"]
[EventCountry "CRI"]
[SourceTitle "EXT 2022"]
[Source "ChessBase"]
[SourceDate "2021.10.06"]
[SourceVersion "1"]
[SourceVersionDate "2021.10.06"]
[SourceQuality "1"]

1. d4 Nf6 2. Bf4 g6 3. e3 Bg7 4. c4 0-0 5. Nc3 d6 6. Nf3 Nbd7 7. Be2 b6 8. 0-0 Bb7 9. Qb3 Nh5 10. Bg3 Nxg3 11. hxg3 c5 12. Rad1 Qc7 13. d5 Rac8 14. Rd2 Ne5 15. Rfd1 Nxf3+ 16. Bxf3 Bxc3 17. Qxc3 Qd7 18. b3 b5 19. Be2 bxc4 20. Qxc4 Rb8 21. a4 Qc7 22. Rc1 Qa5 23. Qc3 Qxc3 24. Rxc3 Ba8 25. e4 Rb4 26. Bc4 Kg7 27. Kf1 f5 28. Re2 Rb7 29. Rce3 f4 30. gxf4 Rxf4 31. g3 Rf6 32. e5 dxe5 33. Rxe5 Kf8 34. Re6 Rd7 35. Rxf6+ exf6 36. Bb5 Rd8 37. Re6 Bxd5 38. Rxf6+ Ke7 39. Ra6 Bxb3 40. Rxa7+ Kf6 41. Rc7 Ra8 42. Rxc5 Bxa4 43. Bxa4 Rxa4 44. f4 Ra1+ 45. Kg2 Ra7 46. g4 Ra4 47. Rc6+ Kg7 48. Rc7+ Kh6 49. g5+ Kh5 50. Rxh7+ Kg4 51. Rh6 Kf5 52. Rh4 Rxf4 53. Rxf4+ Kxf4 54. Kh3 Kxg5 55. Kg3 Kf5 56. Kf3 g5 57. Kg3 g4 58. Kg2 Kf4 59. Kf2 g3+ 60. Kg2 Kg4 1/2-1/2